00749nam a2200205Ia 4500003000900000008004100009020002200050040001600072080001900088100002900107245011500136260003000251300001800281650002400299650003400323700002700357942000700384999001700391952013500408IN-BaIIA211028s9999 xx 000 0 eng d a978-3-527-41027-9 cIIA Library a551.510.5bMEN aMenk, Frederick W936151 0aMagnetoseismologybground-based remote sensing of earth's magnetospherecColin L. Waters and Frederick W. Menk aWeinheimbWiley-VCHc2013 axxviii, 251p. aMagnetosphere93270 aMagnetospheric physics936152 aWaters, Colin L936153 cBK c18926d18926 00104070aBANbBANcGENd2014-11-05eINT g5682.00l0o551.510.5/ MENp19848r2021-11-05v5682.00w2014-11-05yBKGRs. 5682.00